000 00468nam a22001697a 4500
005 20251108171738.0
008 250721s9999 xx 000 0 ara d
082 1 4 _a001.2/روا
100 1 _aمسعود، محمود
_eترجمة
245 1 0 _aروائع الفكر العالمي /
264 1 _aالقاهرة :
_bدار الهلال،
300 _a178ص
490 0 _aكتاب الهلال
650 1 7 _aالمعرفة
942 _2ddc
_cBK
999 _c61436
_d61436